000 00725nam a2200253Ia 4500
001 Para_10529
003 CHAP
005 20220610114851.0
008 220125s9999 xx 000 0 und d
010 _a204441
020 _a978 - 84 - 8476 661 - 2
040 _cCHAP
082 0 _aPA 631.4
_bP67 2013
100 _aPorta Jaume
_9170392
245 _aEdafología :
_b uso y protección de suelos /
_c Jaume Porta, Marta López-Acevedo, RosaM. Poch
260 _aEspaña :
_b Ediciones Mundi - Prensa
300 _a607 p.
650 _aEdafología
_9138412
901 _aPA
902 _aA
905 _a523020 2013 sp an 8000000300spa06
942 _cPARA
_2ddc
942 _cPARA
_2ddc
999 _c204441
_d204441